00422cam a22001697 4500001001300000003000400013005001700017008004100034010001700075040001300092050001200105110003900117245003000156260002200186300002700208999001700235ltf89002023 DLC20260227111549.0891205s1941 xx 000 0 eng  altf89002023  aDLCcDLC00a4TL 3112 aBataafsche Petroleum Maatschappij.10aNetherlands Indies issue. aSourabayac[1941] a1 v. (various pagings) c37305d37305